Statistics for They Shoot Pictures, Don't They? - films 781 to 800

Click here to take the quiz!

General Stats

  • This quiz has been taken 12 times
  • The average score is 7 of 20

Answer Stats

Answer% Correct
Moulin Rouge!
78%
The Fly
67%
The New World
56%
Dazed and Confused
44%
Gummo
44%
My Life as a Dog
44%
The Cook, the Thief, his Wife and her Lover
44%
Veronika Voss
44%
Dodes'ka-den
22%
Dog Star Man
22%
Duck Amuck
22%
Mamma Roma
22%
Morocco
22%
Red Beard
22%
She Wore a Yellow Ribbon
22%
Still Life
22%
Street of Shame
22%
The Crucified Lovers
22%
Titicut Follies
22%
Trouble Every Day
22%

Score Distribution

Percentile by Number Answered

Percent of People with Each Score

Your Score History

You have not taken this quiz